00581nam a2200181Ia 45000030006000000050017000060080041000230400009000640410012000730820017000851000022001022450131001242600014002553000008002699420007002779990017002849520098003010Nust20170105110300.0161124s9999 xx 000 0 und d cIGIS aEnglish a910.285bCHA aKang -Tsung Chang aGovernment of pakistan ministry of Food and Agriculture Soil Survey of Pakistan Reconnaissance Soil Survery Dadu District 1973 ausac2012 a441 cBK c31150d31150 001040708TextaIGISbIGISd0000-00-00l0o910.285CHApIGIS1058r2017-01-05w0000-00-00yBK